000
00378nam a22001697a 4500
003
MPLRDC
005
20220104124703.0
008
210129b ||||| |||| 00| 0 eng d
082
_a
690.3 LY
100
_a
吕茵
245
_a
南国风光
_c
250
_a
初版
260
_a
_b
照明出版社
_c
1979
300
_b
平
650
_a
中国游记
942
_c
BK
_o
690.3 LY
999
_c
21334
_d
21324